[Event "Kadettlandskamp NOR-SWE A 2018"]
[Site "NTG, Bærum, Norway"]
[Date "2018.12.15"]
[Round "7.3"]
[White "Tryggestad, Andreas"]
[Black "Söderström, Adrian"]
[Result "1-0"]
[WhiteTitle "FM"]
[WhiteFideId "1513338"]
[BlackFideId "1745786"]
[WhiteElo "2189"]
[BlackElo "1949"]

1. b3 {[%clk 00:15:20]} {[%emt 00:10:09]} Nf6 {[%clk 00:15:17]} {[%emt
00:00:04]} 2. Bb2 {[%clk 00:15:29]} g6 {[%clk 00:15:26]} {[%emt 00:00:01]} 3.
e3 {[%clk 00:15:39]} Bg7 {[%clk 00:15:35]} {[%emt 00:00:02]} 4. Nf3 {[%clk
00:15:49]} O-O 5. Be2 d6 {[%clk 00:15:42]} {[%emt 00:00:11]} 6. O-O {[%clk
00:16:07]} {[%emt 00:00:01]} b6 {[%clk 00:15:23]} {[%emt 00:00:30]} 7. c4
{[%clk 00:16:16]} Bb7 {[%clk 00:15:31]} {[%emt 00:00:02]} 8. d4 {[%clk
00:16:26]} Nbd7 {[%clk 00:15:34]} {[%emt 00:00:08]} 9. Nc3 {[%clk 00:16:35]} e5
{[%clk 00:15:39]} {[%emt 00:00:05]} 10. d5 {[%clk 00:16:44]} Ne8 {[%clk
00:15:27]} {[%emt 00:00:21]} 11. Rc1 {[%clk 00:16:54]} f5 {[%clk 00:15:25]}
{[%emt 00:00:13]} 12. b4 {[%clk 00:17:02]} {[%emt 00:00:02]} g5 {[%clk
00:14:35]} {[%emt 00:00:58]} 13. e4 {[%clk 00:17:03]} {[%emt 00:00:10]} f4
{[%clk 00:14:39]} {[%emt 00:00:06]} 14. Ne1 {[%clk 00:17:12]} {[%emt 00:00:02]}
Nef6 {[%clk 00:13:18]} {[%emt 00:01:31]} 15. Nd3 {[%clk 00:17:18]} {[%emt
00:00:03]} Qe8 {[%clk 00:13:03]} {[%emt 00:00:25]} 16. Nb5 {[%clk 00:17:19]}
{[%emt 00:00:09]} Qd8 {[%clk 00:12:18]} {[%emt 00:00:54]} 17. c5 {[%clk
00:17:28]} {[%emt 00:00:01]} bxc5 {[%clk 00:12:21]} {[%emt 00:00:07]} 18. bxc5
{[%clk 00:17:37]} Nxe4 {[%clk 00:11:56]} {[%emt 00:00:36]} 19. cxd6 {[%clk
00:16:46]} {[%emt 00:01:01]} cxd6 {[%clk 00:11:57]} {[%emt 00:00:08]} 20. Nc7
{[%clk 00:16:47]} {[%emt 00:00:09]} Rc8 {[%clk 00:11:24]} {[%emt 00:00:44]} 21.
Ne6 {[%clk 00:16:55]} {[%emt 00:00:01]} Rxc1 {[%clk 00:11:28]} {[%emt
00:00:07]} 22. Qxc1 {[%clk 00:17:03]} {[%emt 00:00:02]} Qb6 {[%clk 00:11:34]}
{[%emt 00:00:03]} 23. Nxf8 {[%clk 00:17:11]} {[%emt 00:00:03]} Bxf8 {[%clk
00:11:42]} {[%emt 00:00:01]} 24. Bg4 {[%clk 00:17:04]} {[%emt 00:00:16]} Ndc5
{[%clk 00:11:26]} {[%emt 00:00:26]} 25. Nxc5 {[%clk 00:16:57]} {[%emt
00:00:18]} Nxc5 {[%clk 00:11:29]} {[%emt 00:00:07]} 26. Rd1 {[%clk 00:16:01]}
{[%emt 00:01:06]} Qa6 {[%clk 00:10:22]} {[%emt 00:01:17]} 27. Be6+ {[%clk
00:15:24]} {[%emt 00:00:47]} Nxe6 {[%clk 00:09:15]} {[%emt 00:01:17]} 28. dxe6
{[%clk 00:15:33]} Bc8 {[%clk 00:09:06]} {[%emt 00:00:20]} 29. e7 {[%clk
00:06:26]} {[%emt 00:09:16]} Bxe7 {[%clk 00:09:14]} {[%emt 00:00:02]} 30. Qc7
{[%clk 00:06:30]} {[%emt 00:00:06]} Bf8 {[%clk 00:08:08]} {[%emt 00:01:16]} 31.
a3 {[%clk 00:05:12]} {[%emt 00:01:28]} Be6 {[%clk 00:07:25]} {[%emt 00:00:53]}
32. Rc1 {[%clk 00:02:52]} {[%emt 00:02:30]} Qe2 {[%clk 00:06:43]} {[%emt
00:00:52]} 33. Qc2 {[%clk 00:02:29]} {[%emt 00:00:32]} Qb5 {[%clk 00:06:01]}
{[%emt 00:00:52]} 34. Bc3 {[%clk 00:02:29]} {[%emt 00:00:10]} Qa6 {[%clk
00:05:14]} {[%emt 00:00:57]} 35. Bb4 {[%clk 00:02:37]} {[%emt 00:00:03]} Qb6
{[%clk 00:04:22]} {[%emt 00:01:02]} 36. Qd2 {[%clk 00:01:34]} {[%emt 00:01:13]}
e4 {[%clk 00:02:27]} {[%emt 00:02:05]} 37. Re1 {[%clk 00:01:43]} d5 {[%clk
00:02:25]} {[%emt 00:00:13]} 38. Bxf8 Kxf8 {[%clk 00:02:34]} 39. g3 {[%clk
00:01:15]} {[%emt 00:00:46]} Qc7 {[%clk 00:02:22]} {[%emt 00:00:21]} 40. Qd4
{[%clk 00:01:10]} {[%emt 00:00:14]} Qf7 {[%clk 00:02:13]} {[%emt 00:00:20]} 41.
Rb1 {[%clk 00:01:08]} {[%emt 00:00:12]} Qh5 {[%clk 00:01:22]} {[%emt 00:01:01]}
42. Qf6+ {[%clk 00:01:03]} {[%emt 00:00:15]} Ke8 {[%clk 00:01:06]} {[%emt
00:00:27]} 43. Qxe6+ {[%emt 00:00:04]} Kd8 44. Qd6+ {[%emt 00:00:14]} Ke8 45.
Rb8+ Kf7 46. Rb7+ {[%clk 00:01:21]} {[%emt 00:00:02]} Kg8 {[%clk 00:01:36]}
{[%emt 00:00:09]} 47. Qd8+ {[%clk 00:01:30]} {[%emt 00:00:01]} 1-0

[Event "Kadettlandskamp NOR-SWE A 2018"]
[Site "NTG, Bærum, Norway"]
[Date "2018.12.15"]
[Round "7.4"]
[White "Jönsson, Jacob"]
[Black "Nordquelle, Daniel"]
[Result "1/2-1/2"]
[BlackTitle "FM"]
[WhiteFideId "1726315"]
[BlackFideId "1519042"]
[WhiteElo "1724"]
[BlackElo "2020"]

1. d4 {[%clk 00:15:18]} {[%emt 00:00:01]} d5 {[%clk 00:15:19]} 2. Nf3 {[%clk
00:15:27]} {[%emt 00:00:02]} Nf6 {[%clk 00:15:25]} {[%emt 00:00:04]} 3. c4
{[%clk 00:15:35]} e6 {[%clk 00:15:34]} {[%emt 00:00:02]} 4. Nc3 {[%clk
00:15:44]} {[%emt 00:00:01]} Be7 {[%clk 00:15:41]} {[%emt 00:00:03]} 5. Bg5
{[%clk 00:15:52]} {[%emt 00:00:01]} a6 {[%clk 00:15:42]} {[%emt 00:00:09]} 6.
e3 {[%clk 00:16:01]} {[%emt 00:00:02]} Nbd7 {[%clk 00:15:45]} {[%emt 00:00:07]}
7. Rc1 {[%clk 00:16:06]} {[%emt 00:00:05]} O-O {[%clk 00:15:49]} {[%emt
00:00:06]} 8. Bd3 {[%clk 00:16:12]} {[%emt 00:00:03]} dxc4 {[%clk 00:15:57]}
{[%emt 00:00:02]} 9. Bxc4 {[%clk 00:16:21]} b5 {[%clk 00:16:07]} 10. Bd3 {[%clk
00:16:30]} Bb7 {[%clk 00:16:16]} 11. a4 {[%clk 00:15:56]} {[%emt 00:00:44]} b4
{[%clk 00:16:21]} {[%emt 00:00:05]} 12. Nb1 {[%clk 00:16:01]} {[%emt 00:00:05]}
a5 {[%clk 00:16:06]} {[%emt 00:00:25]} 13. Nbd2 {[%clk 00:15:35]} {[%emt
00:00:37]} c5 {[%clk 00:15:57]} {[%emt 00:00:19]} 14. O-O {[%clk 00:13:25]}
{[%emt 00:02:20]} Nd5 {[%clk 00:14:56]} {[%emt 00:01:10]} 15. Bxe7 {[%clk
00:13:27]} {[%emt 00:00:09]} Qxe7 {[%clk 00:15:05]} 16. dxc5 {[%clk 00:12:12]}
{[%emt 00:01:25]} Nxc5 {[%clk 00:15:12]} {[%emt 00:00:03]} 17. Bxh7+ {[%clk
00:12:20]} {[%emt 00:00:02]} Kh8 {[%clk 00:14:35]} {[%emt 00:00:48]} 18. Ne5
{[%clk 00:09:11]} {[%emt 00:03:18]} Nf6 {[%clk 00:12:17]} {[%emt 00:02:27]} 19.
Bb1 {[%clk 00:08:21]} {[%emt 00:01:01]} Rac8 {[%clk 00:12:21]} {[%emt
00:00:06]} 20. Ndc4 {[%clk 00:07:13]} {[%emt 00:01:19]} Rfd8 {[%clk 00:12:10]}
{[%emt 00:00:21]} 21. Qe2 {[%clk 00:07:01]} {[%emt 00:00:21]} Ba6 {[%clk
00:12:17]} {[%emt 00:00:03]} 22. Qf3 {[%clk 00:06:47]} {[%emt 00:00:24]} Kg8
{[%clk 00:12:24]} {[%emt 00:00:03]} 23. Nc6 {[%clk 00:06:36]} {[%emt 00:00:21]}
Rxc6 {[%clk 00:12:00]} {[%emt 00:00:34]} 24. Qxc6 {[%clk 00:06:43]} {[%emt
00:00:03]} Bb7 {[%clk 00:09:51]} {[%emt 00:02:20]} 25. Nxa5 {[%clk 00:06:00]}
{[%emt 00:00:53]} Bxc6 {[%clk 00:08:24]} {[%emt 00:01:36]} 26. Nxc6 {[%clk
00:06:08]} {[%emt 00:00:01]} Qd6 {[%clk 00:04:03]} {[%emt 00:04:31]} 27. Nxd8
{[%clk 00:06:16]} {[%emt 00:00:02]} Ng4 {[%clk 00:04:07]} {[%emt 00:00:06]} 28.
g3 {[%clk 00:06:19]} {[%emt 00:00:07]} Qd5 {[%clk 00:03:53]} {[%emt 00:00:24]}
29. h3 {[%clk 00:04:49]} {[%emt 00:01:41]} Ne5 {[%clk 00:03:58]} {[%emt
00:00:04]} 30. Rfd1 {[%clk 00:04:11]} {[%emt 00:00:49]} Nf3+ {[%clk 00:03:42]}
{[%emt 00:00:25]} 31. Kf1 {[%clk 00:02:51]} {[%emt 00:01:30]} Nd2+ {[%clk
00:03:40]} {[%emt 00:00:12]} 32. Ke2 {[%clk 00:01:46]} {[%emt 00:01:15]} Ncb3
{[%clk 00:02:56]} {[%emt 00:00:54]} 33. Rc8 {[%clk 00:01:28]} {[%emt 00:00:28]}
Qf3+ {[%clk 00:02:11]} {[%emt 00:00:54]} 34. Ke1 {[%clk 00:01:33]} {[%emt
00:00:05]} Qh1+ {[%clk 00:02:01]} {[%emt 00:00:20]} 35. Ke2 {[%clk 00:01:42]}
{[%emt 00:00:02]} Qf3+ {[%clk 00:02:10]} {[%emt 00:00:01]} 36. Ke1 {[%clk
00:01:51]} {[%emt 00:00:01]} Qh1+ {[%clk 00:02:03]} {[%emt 00:00:16]} 37. Ke2
{[%clk 00:02:00]} {[%emt 00:00:01]} 1/2-1/2

[Event "Kadettlandskamp NOR-SWE A 2018"]
[Site "NTG, Bærum, Norway"]
[Date "2018.12.15"]
[Round "7.5"]
[White "Trost, Edvin"]
[Black "Lund, Gunnar"]
[Result "0-1"]
[WhiteFideId "1729519"]
[BlackFideId "1520814"]
[WhiteElo "1856"]
[BlackElo "2006"]

1. e4 {[%clk 00:15:18]} {[%emt 00:00:02]} d6 {[%clk 00:15:10]} {[%emt
00:00:11]} 2. d4 {[%clk 00:15:22]} {[%emt 00:00:06]} Nf6 {[%clk 00:15:19]}
{[%emt 00:00:01]} 3. Nc3 g6 {[%emt 00:00:02]} 4. g3 {[%clk 00:15:37]} {[%emt
00:00:03]} Bg7 {[%clk 00:15:32]} {[%emt 00:00:06]} 5. Bg2 {[%clk 00:15:44]}
{[%emt 00:00:04]} c6 {[%clk 00:15:41]} 6. a4 {[%clk 00:15:53]} {[%emt
00:00:02]} Nbd7 {[%clk 00:15:49]} {[%emt 00:00:01]} 7. Nge2 {[%clk 00:15:59]}
{[%emt 00:00:04]} O-O {[%clk 00:15:55]} {[%emt 00:00:05]} 8. O-O {[%clk
00:16:05]} {[%emt 00:00:03]} e5 {[%clk 00:16:04]} {[%emt 00:00:01]} 9. h3
{[%clk 00:16:10]} {[%emt 00:00:04]} Re8 {[%clk 00:16:13]} {[%emt 00:00:02]} 10.
Kh1 {[%clk 00:16:10]} {[%emt 00:00:10]} Qc7 {[%clk 00:16:18]} {[%emt 00:00:06]}
11. Be3 {[%clk 00:16:13]} {[%emt 00:00:06]} b6 {[%clk 00:16:24]} {[%emt
00:00:05]} 12. Qd2 {[%clk 00:16:16]} {[%emt 00:00:06]} Bb7 {[%clk 00:16:33]}
{[%emt 00:00:01]} 13. g4 {[%clk 00:16:15]} {[%emt 00:00:11]} exd4 {[%clk
00:16:31]} {[%emt 00:00:12]} 14. Nxd4 {[%clk 00:16:03]} {[%emt 00:00:21]} a6
{[%clk 00:16:06]} {[%emt 00:00:36]} 15. f3 {[%clk 00:15:37]} {[%emt 00:00:36]}
Ne5 {[%clk 00:16:10]} {[%emt 00:00:07]} 16. b3 {[%clk 00:15:42]} {[%emt
00:00:04]} c5 {[%clk 00:16:10]} {[%emt 00:00:11]} 17. Nde2 {[%clk 00:15:49]}
{[%emt 00:00:03]} Rad8 {[%clk 00:16:19]} {[%emt 00:00:01]} 18. Nf4 {[%clk
00:15:50]} {[%emt 00:00:08]} Rd7 {[%clk 00:16:09]} {[%emt 00:00:21]} 19. Rad1
{[%clk 00:15:40]} {[%emt 00:00:19]} Red8 {[%clk 00:16:07]} {[%emt 00:00:13]} 20.
Ncd5 {[%clk 00:15:47]} {[%emt 00:00:03]} Nxd5 {[%clk 00:16:02]} {[%emt
00:00:16]} 21. Nxd5 {[%clk 00:15:56]} Bxd5 {[%clk 00:16:11]} 22. Qxd5 {[%clk
00:15:59]} {[%emt 00:00:07]} Nc6 {[%clk 00:16:20]} 23. f4 {[%clk 00:15:26]}
{[%emt 00:00:42]} Nb4 {[%clk 00:16:30]} {[%emt 00:00:02]} 24. Qc4 {[%clk
00:15:34]} {[%emt 00:00:02]} b5 {[%clk 00:16:39]} 25. axb5 {[%clk 00:15:30]}
{[%emt 00:00:14]} axb5 {[%clk 00:16:48]} 26. Qe2 {[%clk 00:15:33]} {[%emt
00:00:05]} Na2 {[%clk 00:16:31]} {[%emt 00:00:29]} 27. Bd2 {[%clk 00:15:30]}
{[%emt 00:00:12]} b4 {[%clk 00:16:30]} {[%emt 00:00:12]} 28. f5 {[%clk
00:15:15]} {[%emt 00:00:25]} Be5 {[%clk 00:14:33]} {[%emt 00:02:06]} 29. f6
{[%clk 00:14:55]} {[%emt 00:00:30]} Re8 {[%clk 00:14:42]} {[%emt 00:00:01]} 30.
Qf2 {[%clk 00:14:02]} {[%emt 00:01:04]} Qd8 {[%clk 00:14:38]} {[%emt 00:00:14]}
31. Qh4 {[%clk 00:14:07]} {[%emt 00:00:04]} Re6 {[%clk 00:14:46]} {[%emt
00:00:03]} 32. g5 {[%clk 00:14:14]} {[%emt 00:00:02]} Qf8 {[%clk 00:14:35]}
{[%emt 00:00:22]} 33. Rfe1 {[%clk 00:14:03]} {[%emt 00:00:21]} h6 {[%clk
00:13:24]} {[%emt 00:01:21]} 34. Rf1 {[%clk 00:12:28]} {[%emt 00:01:45]} Nc3
{[%clk 00:13:10]} {[%emt 00:00:24]} 35. Bxc3 {[%clk 00:12:04]} {[%emt
00:00:35]} bxc3 {[%clk 00:13:15]} {[%emt 00:00:05]} 36. Rd3 {[%clk 00:11:10]}
{[%emt 00:01:02]} Ra7 {[%clk 00:12:47]} {[%emt 00:00:39]} 37. Rdd1 {[%clk
00:07:58]} {[%emt 00:03:22]} Ra2 {[%clk 00:12:41]} {[%emt 00:00:16]} 38. Rf2
{[%clk 00:07:30]} {[%emt 00:00:37]} Bd4 {[%clk 00:12:42]} {[%emt 00:00:10]} 39.
Rf4 {[%clk 00:07:24]} {[%emt 00:00:15]} hxg5 {[%clk 00:12:22]} {[%emt
00:00:29]} 40. Qxg5 {[%clk 00:07:10]} {[%emt 00:00:25]} Be3 {[%clk 00:12:32]}
{[%emt 00:00:01]} 41. Qg3 {[%clk 00:07:19]} Bxf4 {[%clk 00:12:36]} {[%emt
00:00:07]} 42. Qxf4 {[%clk 00:07:28]} {[%emt 00:00:01]} Rxc2 {[%clk 00:12:37]}
{[%emt 00:00:08]} 43. e5 {[%clk 00:07:26]} {[%emt 00:00:12]} dxe5 {[%clk
00:12:22]} {[%emt 00:00:26]} 44. Qh4 {[%clk 00:07:17]} {[%emt 00:00:18]} Rd2
{[%clk 00:12:26]} {[%emt 00:00:06]} 45. Rc1 {[%clk 00:05:00]} {[%emt 00:02:27]}
Qd8 {[%clk 00:12:08]} {[%emt 00:00:27]} 46. Ra1 {[%clk 00:04:49]} {[%emt
00:00:22]} Rd1+ {[%clk 00:12:01]} {[%emt 00:00:17]} 47. Rxd1 {[%clk 00:04:23]}
{[%emt 00:00:36]} Qxd1+ {[%clk 00:12:10]} 48. Kh2 {[%clk 00:04:33]} Qd8 {[%clk
00:12:19]} {[%emt 00:00:01]} 49. b4 {[%clk 00:04:33]} {[%emt 00:00:10]} Qxf6
{[%clk 00:12:16]} {[%emt 00:00:12]} 50. Qe1 {[%clk 00:04:37]} {[%emt 00:00:06]}
cxb4 {[%clk 00:12:23]} {[%emt 00:00:04]} 51. h4 {[%clk 00:04:44]} {[%emt
00:00:02]} Qf4+ {[%clk 00:12:32]} {[%emt 00:00:02]} 52. Kg1 {[%clk 00:04:45]}
{[%emt 00:00:09]} Qd2 {[%clk 00:12:40]} {[%emt 00:00:02]} 53. Qf1 {[%clk
00:04:15]} {[%emt 00:00:41]} c2 {[%clk 00:12:48]} {[%emt 00:00:03]} 54. h5
{[%clk 00:04:24]} c1=Q {[%clk 00:12:55]} {[%emt 00:00:03]} 55. h6 {[%clk
00:04:31]} {[%emt 00:00:02]} Qxf1+ {[%clk 00:13:02]} {[%emt 00:00:04]} 56. Bxf1
{[%clk 00:04:40]} Qxh6 {[%clk 00:13:10]} {[%emt 00:00:02]} 57. Kg2 {[%clk
00:04:47]} {[%emt 00:00:03]} b3 {[%clk 00:13:18]} {[%emt 00:00:01]} 58. Kf3
{[%clk 00:04:49]} {[%emt 00:00:07]} Qf4+ {[%clk 00:13:27]} {[%emt 00:00:03]} 59.
Kg2 {[%clk 00:04:57]} {[%emt 00:00:02]} Qxf1+ {[%clk 00:13:35]} {[%emt
00:00:02]} 60. Kg3 {[%clk 00:05:02]} {[%emt 00:00:05]} Qg2+ {[%clk 00:13:42]}
{[%emt 00:00:02]} 61. Kh4 {[%clk 00:05:09]} {[%emt 00:00:04]} Qg4+ {[%clk
00:13:51]} {[%emt 00:00:01]} 62. Kxg4 {[%clk 00:05:17]} {[%emt 00:00:01]} Kf8
{[%clk 00:14:00]} 63. Kg5 {[%clk 00:05:25]} {[%emt 00:00:02]} Ke7 {[%clk
00:14:09]} 64. Kh6 {[%clk 00:05:34]} {[%emt 00:00:02]} Kd8 {[%clk 00:14:19]}
{[%emt 00:00:01]} 65. Kg7 {[%clk 00:05:43]} Kc8 {[%clk 00:14:28]} 66. Kxf7
{[%clk 00:05:50]} {[%emt 00:00:04]} Kb8 {[%clk 00:14:37]} {[%emt 00:00:01]} 67.
Kxe6 {[%clk 00:05:58]} {[%emt 00:00:02]} b2 {[%clk 00:14:45]} {[%emt 00:00:01]}
68. Kd6 {[%clk 00:06:00]} {[%emt 00:00:07]} Ka8 {[%clk 00:14:54]} {[%emt
00:00:02]} 69. Kc7 {[%clk 00:06:09]} Ka7 {[%clk 00:15:04]} {[%emt 00:00:01]} 70.
Kc6 {[%clk 00:06:18]} Ka6 {[%clk 00:15:13]} {[%emt 00:00:01]} 71. Kc5 {[%clk
00:06:27]} Ka5 {[%clk 00:15:22]} 72. Kc6 {[%clk 00:06:36]} {[%emt 00:00:02]}
Kb4 {[%clk 00:15:31]} {[%emt 00:00:01]} 73. Kd5 {[%clk 00:06:45]} b1=R {[%clk
00:15:35]} {[%emt 00:00:06]} 74. Kc6 {[%clk 00:06:54]} Rd1 {[%clk 00:15:42]}
{[%emt 00:00:03]} 75. Kb6 {[%clk 00:07:03]} {[%emt 00:00:02]} Rd6+ {[%clk
00:15:50]} {[%emt 00:00:01]} 76. Ka7 {[%clk 00:07:12]} Kb5 {[%clk 00:15:59]} 77.
Kb8 {[%clk 00:07:20]} {[%emt 00:00:02]} Rd7 {[%clk 00:16:09]} 78. Kc8 {[%clk
00:07:29]} {[%emt 00:00:01]} Kc6 {[%clk 00:16:18]} 79. Kb8 {[%clk 00:07:37]}
{[%emt 00:00:01]} Kb6 {[%clk 00:16:27]} {[%emt 00:00:01]} 80. Kc8 {[%clk
00:07:46]} Rd6 {[%clk 00:16:36]} 0-1

[Event "Kadettlandskamp NOR-SWE A 2018"]
[Site "NTG, Bærum, Norway"]
[Date "2018.12.15"]
[Round "7.6"]
[White "Sjøberg, Isak"]
[Black "Wernberg, Hugo"]
[Result "1-0"]
[BlackFideId "1737511"]
[WhiteElo "2019"]
[BlackElo "1796"]

1. e4 {[%clk 00:15:19]} {[%emt 00:10:33]} c5 {[%clk 00:15:19]} {[%emt
00:00:01]} 2. b3 {[%clk 00:15:26]} {[%emt 00:00:02]} Nf6 {[%clk 00:15:13]}
{[%emt 00:00:16]} 3. e5 {[%clk 00:15:34]} {[%emt 00:00:02]} Nd5 {[%clk
00:15:22]} 4. Nf3 {[%clk 00:15:42]} {[%emt 00:00:03]} Nc6 {[%clk 00:15:29]}
{[%emt 00:00:02]} 5. Bb2 {[%clk 00:15:51]} {[%emt 00:00:02]} Nc7 {[%clk
00:15:33]} {[%emt 00:00:06]} 6. Be2 {[%clk 00:15:39]} {[%emt 00:00:21]} Ne6
{[%clk 00:15:41]} {[%emt 00:00:03]} 7. O-O {[%clk 00:15:44]} {[%emt 00:00:05]}
g6 {[%clk 00:15:49]} {[%emt 00:00:02]} 8. Bc4 {[%clk 00:15:46]} {[%emt
00:00:08]} Bg7 {[%clk 00:15:43]} {[%emt 00:00:15]} 9. d3 {[%emt 00:00:09]} O-O
{[%clk 00:15:47]} {[%emt 00:00:03]} 10. Bxe6 {[%clk 00:15:51]} {[%emt
00:00:09]} fxe6 {[%clk 00:15:54]} {[%emt 00:00:03]} 11. Nbd2 {[%clk 00:15:53]}
{[%emt 00:00:08]} d5 {[%clk 00:15:30]} {[%emt 00:00:34]} 12. Re1 {[%clk
00:15:58]} {[%emt 00:00:06]} Qc7 {[%clk 00:15:33]} {[%emt 00:00:06]} 13. a4
{[%clk 00:15:33]} {[%emt 00:00:35]} b6 {[%clk 00:15:33]} {[%emt 00:00:11]} 14.
Qe2 {[%clk 00:15:32]} {[%emt 00:00:10]} Bb7 {[%clk 00:15:41]} {[%emt 00:00:02]}
15. Ng5 {[%clk 00:15:29]} {[%emt 00:00:13]} Bc8 {[%clk 00:15:21]} {[%emt
00:00:30]} 16. Qg4 {[%clk 00:15:05]} {[%emt 00:00:34]} Nxe5 {[%clk 00:14:34]}
{[%emt 00:00:57]} 17. Qh4 {[%clk 00:14:52]} {[%emt 00:00:23]} h6 {[%clk
00:14:36]} {[%emt 00:00:09]} 18. Bxe5 {[%clk 00:14:47]} {[%emt 00:00:14]} hxg5
{[%clk 00:14:08]} {[%emt 00:00:38]} 19. Qxg5 {[%clk 00:14:50]} {[%emt
00:00:06]} Bxe5 {[%clk 00:14:04]} {[%emt 00:00:16]} 20. Rxe5 {[%clk 00:14:59]}
{[%emt 00:00:01]} Rf6 {[%clk 00:13:19]} {[%emt 00:00:54]} 21. Rae1 {[%clk
00:15:00]} {[%emt 00:00:09]} Bd7 {[%clk 00:13:07]} {[%emt 00:00:22]} 22. Nf3
{[%clk 00:15:08]} {[%emt 00:00:03]} Raf8 {[%clk 00:13:09]} {[%emt 00:00:08]} 23.
h4 {[%clk 00:15:14]} {[%emt 00:00:03]} Qd6 {[%clk 00:12:25]} {[%emt 00:00:54]}
24. h5 {[%clk 00:14:52]} {[%emt 00:00:33]} Be8 {[%clk 00:12:20]} {[%emt
00:00:15]} 25. Qg4 {[%clk 00:13:15]} {[%emt 00:01:46]} Bf7 {[%clk 00:04:01]}
{[%emt 00:08:29]} 26. Nh4 {[%clk 00:11:40]} {[%emt 00:01:43]} Kg7 {[%clk
00:03:33]} {[%emt 00:00:41]} 27. hxg6 {[%clk 00:11:25]} {[%emt 00:00:25]} Bg8
{[%clk 00:03:36]} {[%emt 00:00:07]} 28. f3 {[%clk 00:09:32]} {[%emt 00:02:02]}
Qc6 {[%clk 00:03:17]} {[%emt 00:00:29]} 29. Rh5 {[%clk 00:08:56]} {[%emt
00:00:46]} Rd8 {[%clk 00:02:28]} {[%emt 00:00:57]} 30. Qg5 {[%clk 00:08:52]}
{[%emt 00:00:16]} Kf8 {[%clk 00:02:37]} 31. Rh8 {[%clk 00:08:55]} {[%emt
00:00:07]} 1-0